<?xml version="1.0" encoding="UTF-8"?>
<record
    xmlns:xsi="http://www.w3.org/2001/XMLSchema-instance"
    xsi:schemaLocation="http://www.loc.gov/MARC21/slim http://www.loc.gov/standards/marcxml/schema/MARC21slim.xsd"
    xmlns="http://www.loc.gov/MARC21/slim">

  <leader>01513nam a22001937a 4500</leader>
  <controlfield tag="003">IT-RoPau</controlfield>
  <controlfield tag="005">20220918175936.0</controlfield>
  <controlfield tag="008">121206b        xxu||||| |||| 00| 0 eng d</controlfield>
  <datafield tag="040" ind1=" " ind2=" ">
    <subfield code="c">IT-RoPau</subfield>
  </datafield>
  <datafield tag="100" ind1=" " ind2=" ">
    <subfield code="a">Alberione Giacomo</subfield>
    <subfield code="q">Fondatore Famiglia Paolina</subfield>
    <subfield code="9">19</subfield>
  </datafield>
  <datafield tag="245" ind1=" " ind2=" ">
    <subfield code="a">Il lavoro e la Provvidenza</subfield>
  </datafield>
  <datafield tag="250" ind1=" " ind2=" ">
    <subfield code="a">I</subfield>
  </datafield>
  <datafield tag="260" ind1=" " ind2=" ">
    <subfield code="a">Roma</subfield>
    <subfield code="b">SSP</subfield>
    <subfield code="c">1987</subfield>
  </datafield>
  <datafield tag="300" ind1=" " ind2=" ">
    <subfield code="a">70 p.</subfield>
    <subfield code="c">21 cm</subfield>
  </datafield>
  <datafield tag="490" ind1=" " ind2=" ">
    <subfield code="a">Edizioni Archivio Storico Generale Famiglia Paolina</subfield>
    <subfield code="v">I</subfield>
  </datafield>
  <datafield tag="500" ind1=" " ind2=" ">
    <subfield code="a">Il 1954 fu un anno particolarmentwe importante nella vita di D. Alberione. Il 4 aprile ricorreva il suo settantesimo genetliaco e il 20 agosto il quarentesimo della fondazione della Pia Societ&#xE0; San Paolo.   </subfield>
  </datafield>
  <datafield tag="520" ind1=" " ind2=" ">
    <subfield code="a">INDICE

Introduzione

LAVORO

1.   Principi 
2.   Nobilt&#xE0; del lavoro
3.   Ragioni di nobilt&#xE0;
4.   L' educazione al lavoro
5.   San Paolo Apostolo
6.   Labiorosit&#xE0;
7.   Oziosit&#xE0;
8.   Beneficenza
9.   Povert&#xE0; religiosa
10. Le doti dei Paolini
11.  Insegnare il lavoro
12. Lavoro ordinato
13. Dedizione e costanza   
14. Utilizzare il tempo
15. Far bene
16. Soprannaturalit&#xE0;
17. Buona redazione
18. Lavoro tecnico
19. Propaganda
20. Natura del riposo
21. Il Maestro dei Maestri
22. Vocazioni
23. Al lavoro
24. Fede

Maria Regina del lavoro

PROVVIDENZA

1.  Principi
2.  Abbondanza di riuscita
3.  Segreto di riuscita
4.  Cooperatore Paolino
5.  Prudenza e zelo
6.  Ostacoli alla Divina Provvidenza
7.  Imitare Dio
8.  Conclusioni

NOTE

Il lavoro
Maria Regina degli Apostoli
La Provvidenza

Appendice </subfield>
  </datafield>
  <datafield tag="942" ind1=" " ind2=" ">
    <subfield code="2">ddc</subfield>
    <subfield code="c">BK</subfield>
  </datafield>
  <datafield tag="999" ind1=" " ind2=" ">
    <subfield code="c">37612</subfield>
    <subfield code="d">37612</subfield>
  </datafield>
  <datafield tag="952" ind1=" " ind2=" ">
    <subfield code="0">0</subfield>
    <subfield code="1">0</subfield>
    <subfield code="2">ddc</subfield>
    <subfield code="4">0</subfield>
    <subfield code="6">P_A6</subfield>
    <subfield code="7">1</subfield>
    <subfield code="a">PAULUS</subfield>
    <subfield code="b">PAULUS</subfield>
    <subfield code="d">2012-12-06</subfield>
    <subfield code="l">0</subfield>
    <subfield code="o">P A6</subfield>
    <subfield code="r">2012-12-06 00:00:00</subfield>
    <subfield code="w">2012-12-06</subfield>
    <subfield code="y">BK</subfield>
  </datafield>
  <datafield tag="952" ind1=" " ind2=" ">
    <subfield code="0">0</subfield>
    <subfield code="1">0</subfield>
    <subfield code="2">ddc</subfield>
    <subfield code="4">0</subfield>
    <subfield code="6">P_A6</subfield>
    <subfield code="7">1</subfield>
    <subfield code="a">PAULUS</subfield>
    <subfield code="b">PAULUS</subfield>
    <subfield code="d">2013-11-18</subfield>
    <subfield code="l">0</subfield>
    <subfield code="o">P A6</subfield>
    <subfield code="r">2013-11-18 00:00:00</subfield>
    <subfield code="w">2013-11-18</subfield>
    <subfield code="y">BK</subfield>
  </datafield>
  <datafield tag="952" ind1=" " ind2=" ">
    <subfield code="0">0</subfield>
    <subfield code="1">0</subfield>
    <subfield code="2">ddc</subfield>
    <subfield code="4">0</subfield>
    <subfield code="6">P_A6</subfield>
    <subfield code="7">1</subfield>
    <subfield code="a">PAULUS</subfield>
    <subfield code="b">PAULUS</subfield>
    <subfield code="d">2013-11-18</subfield>
    <subfield code="l">0</subfield>
    <subfield code="o">P A6</subfield>
    <subfield code="r">2013-11-18 00:00:00</subfield>
    <subfield code="w">2013-11-18</subfield>
    <subfield code="y">BK</subfield>
  </datafield>
</record>
